000 00387pab a2200145 454500
008 180718b2001 xxu||||| |||| 00| 0 eng d
100 _aPadhi, Sakti
245 _aInfant and child survival in Orissa: an analysis with NFHS data
260 _c2001
300 _ap.3316-325
362 _a25 Aug
650 _aChild mortality
773 _aEconomic and Political Weekly
909 _a49783
999 _c49783
_d49783